Tribhuvan University Central Library

Introduction to wave mechanics (Record no. 61086)

MARC details
000 -LEADER
fixed length control field 00493 a2200181 4500
082 ## - DEWEY DECIMAL CLASSIFICATION NUMBER
Classification number 530.12
Item number H242i
100 ## - MAIN ENTRY--PERSONAL NAME
Personal name Harris, Louis 1897-
9 (RLIN) 23362
100 ## - MAIN ENTRY--PERSONAL NAME
Personal name Loeb, Arthur L.
9 (RLIN) 23363
245 ## - TITLE STATEMENT
Title Introduction to wave mechanics
260 ## - PUBLICATION, DISTRIBUTION, ETC.
Place of publication, distribution, etc. New York
Name of publisher, distributor, etc. McGraw-Hill
Date of publication, distribution, etc. 1963
300 ## - PHYSICAL DESCRIPTION
Extent xvi,300p. illus.
504 ## - BIBLIOGRAPHY, ETC. NOTE
Bibliography, etc. note P.289
650 ## - SUBJECT ADDED ENTRY--TOPICAL TERM
Topical term or geographic name entry element Wave mechanics
9 (RLIN) 7867
650 ## - SUBJECT ADDED ENTRY--TOPICAL TERM
Topical term or geographic name entry element Electronic configurations
9 (RLIN) 23364
650 ## - SUBJECT ADDED ENTRY--TOPICAL TERM
Topical term or geographic name entry element Hydrogen moleculetion
9 (RLIN) 23365
653 ## - INDEX TERM--UNCONTROLLED
Uncontrolled term Physics
942 ## - ADDED ENTRY ELEMENTS (KOHA)
Source of classification or shelving scheme Dewey Decimal Classification
Koha item type General Collections
Holdings
Withdrawn status Lost status Source of classification or shelving scheme Damaged status Not for loan Home library Current library Date acquired Total Checkouts Full call number Barcode Date last seen Date last checked out Price effective from Koha item type
    Dewey Decimal Classification     Tribhuvan University Central Library Tribhuvan University Central Library 07/18/2011 2 530.12 H242i 46436 12/16/2024 11/19/2024 07/18/2011 General Collections